| 000 | 00706nam a2200217 a 4500 | ||
|---|---|---|---|
| 005 | 20230106063526.0 | ||
| 008 | 121128s2007 ea r 000 0 spa d | ||
| 020 | _a1404825339 (10 dígitos) | ||
| 020 | _a9781404825338 (13 dígitos) | ||
| 035 | _aUPN01000194700 | ||
| 049 | _aI | ||
| 050 | 4 |
_aTJ1103 _bD3.7 |
|
| 100 | 1 |
_aDahl, Michael _933703 |
|
| 245 | 1 | 0 |
_aSube baja : _bun libro sobre poleas / _cMichael Dahl ; il. de Denise Shea ; tr. Sol Robledo. |
| 260 |
_aMinneapolis, E.U.A. : _bPicture Window Books, _c2007. |
||
| 300 |
_a24 p. : _bil. |
||
| 440 | 0 | _aCiencia asombrosa | |
| 650 | 4 |
_aPOLEAS - _vLITERATURA JUVENIL _922862 |
|
| 650 | 2 |
_aCiencia _vLiteratura infantil _911354 |
|
| 905 | _aInfantil | ||
| 999 |
_c166801 _d166801 |
||